|
|
|
|
| LEADER |
00000nab a2200000ua 4500 |
| 001 |
vtls010780629 |
| 003 |
SK-MaSNL |
| 005 |
20260303102843.0 |
| 008 |
230121s1972 xo |||||||||||||||||slo| |
| 035 |
|
|
|a (urnnbn)urn:nbn:sk:snk:ar-a00fry
|
| 035 |
|
|
|a (uuid)8cace740-50d5-4b12-b37d-4b00edd4f836
|
| 035 |
|
|
|a urn:nbn:sk:snk-ab480z
|
| 040 |
|
|
|a SNKBUCL
|b slo
|c SNKBUCL
|e AACR2
|
| 041 |
0 |
|
|a slo
|
| 044 |
|
|
|a xo
|c SK
|
| 100 |
1 |
|
|a Mistrík, Jozef,
|d 1921-2000
|4 aut
|9 108177
|
| 245 |
1 |
0 |
|a Príležitostná a angažovaná poézia
|c J. Mistrík
|
| 650 |
0 |
7 |
|a príležitostná poézia
|2 SNKPH
|9 363109
|
| 650 |
0 |
7 |
|a angažovaná poézia
|2 SNKPH
|9 1116231
|
| 773 |
0 |
|
|t Javisko
|g Roč. 4, č. 11 (1972), s. 334-335
|
| 954 |
|
|
|a odborná, vedecká literatúra pôvodná (slovenská)
|2 lita
|
| 958 |
|
|
|a OND
|
| 958 |
|
|
|a EUIPO
|
| 958 |
|
|
|a article3
|
| 999 |
|
|
|c 1845513
|d 1847443
|